[Event "Quebec-ch qual"]
[Site "Gatineau"]
[Date "2010.03.30"]
[Round "4"]
[White "Rainey, Ivan"]
[Black "Dagenais, Benoit"]
[Result "1-0"]
[WhiteElo "1384"]
[BlackElo "1454"]
[PlyCount "65"]
[EventDate "2010.03.09"]
[EventType "swiss"]
[EventRounds "5"]
[EventCountry "CAN"]
[SourceTitle "EXT 2011"]
[Source "ChessBase"]
[SourceDate "2010.11.26"]
[SourceVersion "1"]
[SourceVersionDate "2010.11.26"]
[SourceQuality "1"]

1. d4 Nf6 2. c4 g6 3. Nc3 Bg7 4. e4 d6 5. Nf3 0-0 6. Be2 b6 7. 0-0 Bb7 8. Qc2 Nbd7 9. Bg5 c5 10. d5 Ne8 11. Rab1 Nc7 12. a3 Bf6 13. Be3 Bg7 14. Nd2 f5 15. f3 f4 16. Bf2 e5 17. b4 g5 18. Qa4 Nf6 19. bxc5 dxc5 20. Bxc5 h5 21. Bxf8 Bxf8 22. Nb3 g4 23. Kh1 g3 24. h3 Bc8 25. Nc1 Bxh3 26. gxh3 Ng4 27. fxg4 g2+ 28. Kxg2 Qh4 29. Rf3 hxg4 30. hxg4 Bc5 31. Nd3 Qxg4+ 32. Kh2 Kf7 33. Nxe5+ 1-0

[Event "Gatineau CEH op"]
[Site "Gatineau"]
[Date "2010.02.16"]
[Round "6"]
[White "Rainey, Ivan"]
[Black "Berthiaume, Serge"]
[Result "1-0"]
[WhiteElo "1405"]
[BlackElo "1350"]
[PlyCount "61"]
[EventDate "2010.01.12"]
[EventType "swiss"]
[EventRounds "7"]
[EventCountry "CAN"]
[SourceTitle "EXT 2011"]
[Source "ChessBase"]
[SourceDate "2010.11.26"]
[SourceVersion "1"]
[SourceVersionDate "2010.11.26"]
[SourceQuality "1"]

1. d4 Nf6 2. c4 e6 3. Nc3 Bb4 4. Qc2 Nc6 5. e3 0-0 6. Nf3 b6 7. Be2 Bb7 8. Bd2 Bxc3 9. Bxc3 a5 10. 0-0 Ne7 11. d5 Ng6 12. dxe6 fxe6 13. b4 Ne4 14. bxa5 Nxc3 15. Qxc3 Rxa5 16. Rfd1 Bc6 17. Nd4 Qf6 18. f3 Bb7 19. Qd2 Ba6 20. Rdc1 Bb7 21. Nb3 Rh5 22. Qxd7 Rf7 23. Qd2 Qh4 24. h3 Qg3 25. Rf1 Rxh3 26. Bd3 Qh2+ 27. Kf2 Rfxf3+ 28. Ke1 Rxe3+ 29. Be2 Qg3+ 30. Kd1 Qxg2 31. Qd8+ 1-0

[Event "Gatineau Defi Nez-B"]
[Site "Gatineau"]
[Date "2009.12.01"]
[Round "3"]
[White "Rainey, Ivan"]
[Black "Richard, Georges"]
[Result "0-1"]
[WhiteElo "1418"]
[BlackElo "1629"]
[PlyCount "42"]
[EventDate "2009.11.17"]
[EventType "swiss"]
[EventRounds "5"]
[EventCountry "CAN"]
[SourceTitle "EXT 2011"]
[Source "ChessBase"]
[SourceDate "2010.11.26"]
[SourceVersion "1"]
[SourceVersionDate "2010.11.26"]
[SourceQuality "1"]

1. d4 d5 2. c4 Nf6 3. Nc3 e6 4. Nf3 c5 5. dxc5 Bxc5 6. Bg5 Qb6 7. e3 Qxb2 8. Qc1 Qxc1+ 9. Rxc1 Bb4 10. Bxf6 gxf6 11. cxd5 exd5 12. Kd1 0-0 13. Nxd5 Rd8 14. Ke2 Nc6 15. Rxc6 Rxd5 16. Rxf6 Bg4 17. e4 Re8 18. Ke3 Rd1 19. Rf4 Bh5 20. g4 Bg6 21. Rf6 Rxe4# 0-1

[Event "Gatineau Maisonneuve Memorial"]
[Site "Gatineau"]
[Date "2009.11.03"]
[Round "4"]
[White "Brine, Derek"]
[Black "Rainey, Ivan"]
[Result "0-1"]
[WhiteElo "1090"]
[BlackElo "1413"]
[PlyCount "60"]
[EventDate "2009.10.13"]
[EventType "swiss"]
[EventRounds "5"]
[EventCountry "CAN"]
[SourceTitle "EXT 2011"]
[Source "ChessBase"]
[SourceDate "2010.11.26"]
[SourceVersion "1"]
[SourceVersionDate "2010.11.26"]
[SourceQuality "1"]

1. d4 Nf6 2. c4 g6 3. Nc3 Bg7 4. e4 d6 5. Nf3 0-0 6. Bd3 e5 7. 0-0 Ne8 8. Re1 exd4 9. Nxd4 Bxd4 10. Ne2 Nc6 11. Nxd4 Nxd4 12. b3 c5 13. Bb2 Nc7 14. a4 Nce6 15. e5 dxe5 16. Rxe5 b6 17. Be4 Rb8 18. Bc1 Bb7 19. Bxb7 Rxb7 20. Ra2 Nxb3 21. Qxb3 Rd7 22. Rd5 Rxd5 23. cxd5 Nd4 24. Qc4 Re8 25. Be3 Re5 26. Rd2 Qxd5 27. Qxd5 Rxd5 28. Bxd4 Rxd4 29. Rxd4 cxd4 30. Kf1 Kg7 0-1

[Event "Gatineau Hull CC-chB"]
[Site "Gatineau"]
[Date "2009.04.14"]
[Round "1"]
[White "Rainey, Ivan"]
[Black "Desjardins, Michel"]
[Result "0-1"]
[WhiteElo "1437"]
[BlackElo "1939"]
[PlyCount "72"]
[EventDate "2009.04.14"]
[EventType "swiss"]
[EventRounds "5"]
[EventCountry "CAN"]
[SourceTitle "EXT 2011"]
[Source "ChessBase"]
[SourceDate "2010.11.26"]
[SourceVersion "1"]
[SourceVersionDate "2010.11.26"]
[SourceQuality "1"]

1. d4 d5 2. c4 c6 3. Nf3 dxc4 4. a4 e6 5. e3 b5 6. axb5 cxb5 7. Nc3 Bb4 8. Bd2 Qb6 9. b3 Bxc3 10. Bxc3 b4 11. Bb2 c3 12. Bc1 Nf6 13. Ne5 Bb7 14. f3 0-0 15. Nc4 Qc7 16. e4 h6 17. e5 Nd5 18. Bd3 Nc6 19. g4 Nxd4 20. Rf1 Nc6 21. Qe2 Qe7 22. Qe4 Qh4+ 23. Kd1 g6 24. Nd6 Rab8 25. Nxf7 Rxf7 26. Qxg6+ Rg7 27. Qxe6+ Kh8 28. Qxd5 Rd8 29. Qc5 Rxd3+ 30. Kc2 Qd8 31. Bxh6 Rgd7 32. Qf8+ Qxf8 33. Bxf8 Rd2+ 34. Kc1 Nd4 35. Re1 Nxb3+ 36. Kb1 Rb2# 0-1

[Event "Gatineau Qualification CIQ"]
[Site "Gatineau"]
[Date "2009.03.24"]
[Round "3"]
[White "Rainey, Ivan"]
[Black "Scantland, Patrick"]
[Result "1/2-1/2"]
[WhiteElo "1403"]
[BlackElo "1728"]
[PlyCount "146"]
[EventDate "2009.03.10"]
[EventType "swiss"]
[EventRounds "5"]
[EventCountry "CAN"]
[SourceTitle "EXT 2010"]
[Source "ChessBase"]
[SourceDate "2010.11.25"]
[SourceVersion "1"]
[SourceVersionDate "2010.11.25"]
[SourceQuality "1"]

1. d4 Nf6 2. c4 e6 3. Nf3 d5 4. Bg5 Nbd7 5. Nc3 Be7 6. cxd5 exd5 7. e3 c6 8. Bd3 h6 9. Bh4 0-0 10. Qc2 Re8 11. 0-0 Nf8 12. Rfe1 Be6 13. e4 dxe4 14. Nxe4 Nxe4 15. Bxe7 Rxe7 16. Bxe4 Qd6 17. Rad1 Rae8 18. Kf1 Bg4 19. h3 Bxf3 20. Bxf3 Rxe1+ 21. Rxe1 Rxe1+ 22. Kxe1 Qxd4 23. Qb3 Qe5+ 24. Kf1 Qc7 25. Qe3 b6 26. Qe8 c5 27. Bd5 Qd7 28. Qxd7 Nxd7 29. Ke2 Kf8 30. f4 Ke7 31. Kd3 f6 32. Kc4 Kd6 33. Be4 a6 34. Bb7 b5+ 35. Kc3 a5 36. a3 b4+ 37. Kc4 Kc7 38. Be4 Kb6 39. a4 h5 40. g4 hxg4 41. hxg4 g5 42. Bf5 Nb8 43. fxg5 fxg5 44. b3 Nc6 45. Kd5 Nd4 46. Kc4 Kc6 47. Be4+ Kd6 48. Bd3 Ke5 49. Kxc5 Nxb3+ 50. Kb5 Kd4 51. Bc2 Kc3 52. Bd1 Kb2 53. Ka6 Ka3 54. Kb5 Nd4+ 55. Kxa5 b3 56. Bxb3 Kxb3 57. Kb6 Kxa4 58. Kc5 Nf3 59. Kd5 Kb4 60. Ke4 Nh4 61. Kd4 Nf3+ 62. Ke4 Kc4 63. Kxf3 Kd3 64. Kg3 Ke3 65. Kh3 Kf3 66. Kh2 Kxg4 67. Kg2 Kf4 68. Kf2 g4 69. Kg2 g3 70. Kg1 Kg4 71. Kg2 Kh4 72. Kg1 Kh3 73. Kh1 g2+ 1/2-1/2

[Event "Gatineau Fischer Memorial"]
[Site "Gatineau"]
[Date "2009.02.10"]
[Round "4"]
[White "Berthiaume, Serge"]
[Black "Rainey, Ivan"]
[Result "0-1"]
[WhiteElo "1356"]
[BlackElo "1456"]
[PlyCount "148"]
[EventDate "2009.01.20"]
[EventType "swiss"]
[EventRounds "6"]
[EventCountry "CAN"]
[SourceTitle "EXT 2011"]
[Source "ChessBase"]
[SourceDate "2010.11.26"]
[SourceVersion "1"]
[SourceVersionDate "2010.11.26"]
[SourceQuality "1"]

1. d4 Nf6 2. Nf3 d6 3. Nc3 g6 4. e4 Bg7 5. Be3 0-0 6. Qd2 h5 7. Bh6 e5 8. Bxg7 Kxg7 9. 0-0-0 b6 10. Qe2 exd4 11. Nxd4 Re8 12. f3 c5 13. Ndb5 Re6 14. Nd5 Nxd5 15. Rxd5 a6 16. Nc3 Nc6 17. Rd2 Bb7 18. Qf2 b5 19. h4 b4 20. Nd5 Nd4 21. Bc4 a5 22. Rg1 a4 23. g4 hxg4 24. Rxg4 b3 25. a3 bxc2 26. Ne3 Nb3+ 27. Bxb3 axb3 28. Qg2 Rxa3 29. bxa3 Qf6 30. Nxc2 Qc3 31. h5 bxc2 32. Rxc2 Qxa3+ 33. Kd2 Qb4+ 34. Kd1 Qb1+ 35. Kd2 Qb4+ 36. Kc1 Qe1+ 37. Kb2 Qb4+ 38. Ka2 Qa4+ 39. Kb1 Qb3+ 40. Kc1 Qe3+ 41. Kd1 Bc6 42. Re2 Ba4+ 43. Ke1 Qc3+ 44. Kf2 Bd1 45. Re1 Qd4+ 46. Kg3 Ba4 47. Re2 c4 48. Kh2 Qe5+ 49. Kh3 Qxh5+ 50. Rh4 Qc5 51. Re1 c3 52. Qa2 Qd4 53. e5 Qd2 54. Re2 Qxa2 55. Rxa2 Bb3 56. Ra1 Rxe5 57. Rc1 c2 58. Rb4 Be6+ 59. Kg3 Bf5 60. Rb3 Re2 61. Rc3 Rd2 62. Kf4 Re2 63. Kg3 d5 64. Rc5 d4 65. Rxf5 gxf5 66. f4 d3 67. Kf3 Kg6 68. Rg1+ Kf6 69. Rc1 Ke6 70. Ra1 Kd5 71. Ra5+ Kc4 72. Ra7 Kc3 73. Rc7+ Kd2 74. Rc6 c1Q 0-1

[Event "Gatineau Fischer Memorial"]
[Site "Gatineau"]
[Date "2009.02.03"]
[Round "3"]
[White "Rainey, Ivan"]
[Black "Jani, Louis"]
[Result "0-1"]
[WhiteElo "1456"]
[BlackElo "1398"]
[PlyCount "36"]
[EventDate "2009.01.20"]
[EventType "swiss"]
[EventRounds "6"]
[EventCountry "CAN"]
[SourceTitle "EXT 2011"]
[Source "ChessBase"]
[SourceDate "2010.11.26"]
[SourceVersion "1"]
[SourceVersionDate "2010.11.26"]
[SourceQuality "1"]

1. d4 f5 2. c4 Nf6 3. Nc3 e6 4. Bf4 b6 5. e3 Bb7 6. Be2 Bxg2 7. Bf3 Bxh1 8. Bxh1 c6 9. d5 exd5 10. cxd5 Bb4 11. Bxb8 Bxc3+ 12. bxc3 Rxb8 13. dxc6 0-0 14. Qc2 dxc6 15. Bxc6 Qc7 16. Ba4 Qxh2 17. Kf1 Ne4 18. Bc6 Ng3+ 0-1

[Event "Gatineau Fischer Memorial"]
[Site "Gatineau"]
[Date "2009.01.20"]
[Round "1"]
[White "Gagnon, Fabien"]
[Black "Rainey, Ivan"]
[Result "1-0"]
[WhiteElo "1900"]
[BlackElo "1456"]
[PlyCount "57"]
[EventDate "2009.01.20"]
[EventType "swiss"]
[EventRounds "6"]
[EventCountry "CAN"]
[SourceTitle "EXT 2011"]
[Source "ChessBase"]
[SourceDate "2010.11.26"]
[SourceVersion "1"]
[SourceVersionDate "2010.11.26"]
[SourceQuality "1"]

1. Nf3 Nf6 2. c4 g6 3. Nc3 d6 4. d4 Bg7 5. g3 0-0 6. Bg2 Re8 7. 0-0 Nc6 8. e4 e5 9. d5 Ne7 10. b4 a5 11. b5 Nd7 12. Be3 b6 13. Qd2 Nc5 14. Ne1 f5 15. f3 Rf8 16. Rc1 Kh8 17. Nd3 Ng8 18. Nxc5 bxc5 19. f4 exf4 20. Bxf4 fxe4 21. Nxe4 Nf6 22. Ng5 Nh5 23. Be3 Kg8 24. Ne6 Bxe6 25. dxe6 Rb8 26. Qxa5 Qe7 27. Rxf8+ Rxf8 28. Qd2 Qxe6 29. Bd5 1-0

[Event "Gatineau Defi Nez rouge B"]
[Site "Gatineau"]
[Date "2008.12.09"]
[Round "3"]
[White "Rainey, Ivan"]
[Black "Scantland, Patrick"]
[Result "0-1"]
[WhiteElo "1496"]
[BlackElo "1686"]
[PlyCount "62"]
[EventDate "2008.11.25"]
[EventType "swiss"]
[EventRounds "5"]
[EventCountry "CAN"]
[SourceTitle "EXT 2022"]
[Source "ChessBase"]
[SourceDate "2021.10.06"]
[SourceVersion "1"]
[SourceVersionDate "2021.10.06"]
[SourceQuality "1"]

1. d4 Nf6 2. c4 e6 3. Nc3 d5 4. Nf3 Nbd7 5. Bg5 Be7 6. e3 b6 7. Bd3 Bb7 8. 0-0 h6 9. Bf4 Rc8 10. h3 0-0 11. cxd5 Nxd5 12. Nxd5 Bxd5 13. Qc2 Bxf3 14. gxf3 c5 15. Ba6 Bg5 16. Bd6 Qf6 17. Bxc8 Rxc8 18. f4 Bh4 19. dxc5 bxc5 20. b4 c4 21. Rac1 Qd8 22. Rfd1 Qe8 23. Qa4 f5 24. Qxa7 Ra8 25. Qd4 Rxa2 26. Rd2 Rxd2 27. Qxd2 Nf6 28. f3 Qc6 29. Be7 Qxf3 30. Bxf6 Qg3+ 31. Qg2 Qxe3+ 0-1

[Event "Gatineau Maisonneuve Memorial"]
[Site "Gatineau"]
[Date "2008.11.18"]
[Round "5"]
[White "Groleau, Gilles"]
[Black "Rainey, Ivan"]
[Result "1-0"]
[WhiteElo "1993"]
[BlackElo "1475"]
[PlyCount "89"]
[EventDate "2008.10.21"]
[EventType "swiss"]
[EventRounds "5"]
[EventCountry "CAN"]
[SourceTitle "EXT 2011"]
[Source "ChessBase"]
[SourceDate "2010.11.26"]
[SourceVersion "1"]
[SourceVersionDate "2010.11.26"]
[SourceQuality "1"]

1. e4 c6 2. d4 d5 3. exd5 cxd5 4. Bd3 Nc6 5. c3 Nf6 6. Bf4 e6 7. Nd2 Bd6 8. Bxd6 Qxd6 9. Ngf3 0-0 10. 0-0 Re8 11. Re1 e5 12. dxe5 Nxe5 13. Nxe5 Rxe5 14. Rxe5 Qxe5 15. Nf3 Qd6 16. Qc2 h6 17. Re1 Be6 18. Nd4 Bd7 19. Bf5 Re8 20. Rxe8+ Bxe8 21. Qe2 Bd7 22. g3 Bxf5 23. Nxf5 Qe6 24. Qxe6 fxe6 25. Nd6 e5 26. Nxb7 d4 27. cxd4 exd4 28. Nc5 Kf7 29. Kf1 Ke7 30. Nb3 d3 31. f3 Kd6 32. Ke1 Nd7 33. Kf2 Ne5 34. Nd2 Kd5 35. Ke3 Nc4+ 36. Nxc4 Kxc4 37. f4 a5 38. Kd2 Kd4 39. b3 g6 40. a3 Ke4 41. b4 axb4 42. axb4 g5 43. b5 gxf4 44. gxf4 Kxf4 45. b6 1-0

[Event "Gatineau Maisonneuve Memorial"]
[Site "Gatineau"]
[Date "2008.10.28"]
[Round "2"]
[White "Rainey, Ivan"]
[Black "Sabourin, Yves"]
[Result "1/2-1/2"]
[WhiteElo "1475"]
[BlackElo "1255"]
[PlyCount "92"]
[EventDate "2008.10.21"]
[EventType "swiss"]
[EventRounds "5"]
[EventCountry "CAN"]
[SourceTitle "EXT 2011"]
[Source "ChessBase"]
[SourceDate "2010.11.26"]
[SourceVersion "1"]
[SourceVersionDate "2010.11.26"]
[SourceQuality "1"]

1. d4 d5 2. c4 e6 3. Nc3 Nf6 4. e3 Be7 5. Bd3 0-0 6. f4 Nc6 7. Nf3 b6 8. a3 dxc4 9. Bxc4 Nd5 10. Qc2 Bb7 11. e4 Nxc3 12. bxc3 Na5 13. Bd3 c5 14. h4 cxd4 15. e5 Bxf3 16. Bxh7+ Kh8 17. gxf3 Bxh4+ 18. Kd1 dxc3+ 19. Ke2 f5 20. Bg6 Nc6 21. Be3 Ne7 22. Rag1 Nxg6 23. Rxg6 Qe7 24. Rg2 Kg8 25. Rgh2 Qxa3 26. Rxh4 b5 27. Bc1 Qc5 28. Qb3 Kf7 29. Ba3 b4 30. Bxb4 Rfb8 31. Qa4 Qxb4 32. Qc6 Qb5+ 33. Qxb5 Rxb5 34. Rc1 Rc5 35. Rc2 Rb8 36. Kd3 Rd8+ 37. Ke3 a5 38. Rh1 a4 39. Ra1 Ra5 40. Rxc3 Rda8 41. Rca3 Kg6 42. Kd3 Kf7 43. Kc4 Rd8 44. Rxa4 Rxa4+ 45. Rxa4 Rd1 46. Ra7+ Kf8 1/2-1/2

[Event "Gatineau Hull CC LEO-chC"]
[Site "Gatineau"]
[Date "2008.05.13"]
[Round "5"]
[White "MacIsaac, Alexandre"]
[Black "Rainey, Ivan"]
[Result "1/2-1/2"]
[WhiteElo "1356"]
[BlackElo "1337"]
[PlyCount "34"]
[EventDate "2008.04.15"]
[EventType "swiss"]
[EventRounds "6"]
[EventCountry "CAN"]
[SourceTitle "EXT 2022"]
[Source "ChessBase"]
[SourceDate "2021.10.06"]
[SourceVersion "1"]
[SourceVersionDate "2021.10.06"]
[SourceQuality "1"]

1. e4 c6 2. d4 d5 3. e5 Bf5 4. c4 dxc4 5. Bxc4 e6 6. Nc3 Bb4 7. Nge2 Ne7 8. Bd2 b5 9. Bb3 Bd3 10. a3 Ba5 11. 0-0 0-0 12. Bc2 Bxe2 13. Nxe2 Bxd2 14. Qxd2 Qb6 15. Qd3 Rd8 16. Qxh7+ Kf8 17. Qh8+ Ng8 1/2-1/2

[Event "Quebec-ch qual"]
[Site "Gatineau"]
[Date "2008.04.08"]
[Round "5"]
[White "Rainey, Ivan"]
[Black "Menard, Marc"]
[Result "1-0"]
[WhiteElo "1299"]
[BlackElo "1635"]
[PlyCount "95"]
[EventDate "2008.03.11"]
[EventType "swiss"]
[EventRounds "5"]
[EventCountry "CAN"]
[SourceTitle "EXT 2011"]
[Source "ChessBase"]
[SourceDate "2010.11.26"]
[SourceVersion "1"]
[SourceVersionDate "2010.11.26"]
[SourceQuality "1"]

1. e4 d5 2. exd5 Nf6 3. c4 c6 4. dxc6 Nxc6 5. b3 e5 6. Bb2 Bb4 7. a3 Bc5 8. Nc3 Qd4 9. Qe2 Ne4 10. Nd1 Qxd2+ 11. Qxd2 Nxd2 12. Kxd2 0-0 13. b4 Rd8+ 14. Ke1 Nd4 15. bxc5 Nc2+ 16. Ke2 Nxa1 17. Bxa1 Bg4+ 18. f3 Bf5 19. Ne3 Bd3+ 20. Kf2 e4 21. Bxd3 Rxd3 22. fxe4 Rd2+ 23. Ne2 Ra2 24. Be5 Re8 25. Ra1 Rd2 26. Rd1 Rxd1 27. Nxd1 Rxe5 28. Ke3 Rxc5 29. Nb2 Kf8 30. Nd4 g6 31. g4 h5 32. h3 Ke7 33. Nb3 Rg5 34. Kf4 f6 35. Nd3 hxg4 36. hxg4 b6 37. a4 Kd7 38. e5 Ke7 39. Nd4 a6 40. Nf3 fxe5+ 41. Kxg5 e4 42. Kxg6 exf3 43. Kf5 Kf7 44. Kf4 Kf6 45. Kxf3 Kg5 46. c5 b5 47. axb5 axb5 48. c6 1-0

[Event "Quebec-ch qual"]
[Site "Gatineau"]
[Date "2008.03.25"]
[Round "3"]
[White "Rainey, Ivan"]
[Black "Thompson, Daniel"]
[Result "0-1"]
[WhiteElo "1299"]
[BlackElo "1655"]
[PlyCount "42"]
[EventDate "2008.03.11"]
[EventType "swiss"]
[EventRounds "5"]
[EventCountry "CAN"]
[SourceTitle "EXT 2011"]
[Source "ChessBase"]
[SourceDate "2010.11.26"]
[SourceVersion "1"]
[SourceVersionDate "2010.11.26"]
[SourceQuality "1"]

1. e4 e6 2. d4 d5 3. Nd2 c5 4. c3 cxd4 5. cxd4 dxe4 6. Nxe4 Bb4+ 7. Nc3 Nf6 8. Nf3 Ne4 9. Bd2 Nxd2 10. Qxd2 0-0 11. Bd3 Nc6 12. Qf4 e5 13. Qe4 f5 14. Bc4+ Kh8 15. Qe2 Nxd4 16. Nxd4 exd4 17. 0-0-0 Qg5+ 18. f4 Qxf4+ 19. Kb1 dxc3 20. bxc3 Bxc3 21. Qe7 Qe4+ 0-1

[Event "Hull CC-ch C"]
[Site "Gatineau"]
[Date "2007.04.10"]
[Round "5"]
[White "Sabourin, Yves"]
[Black "Rainey, Ivan"]
[Result "0-1"]
[WhiteElo "1261"]
[BlackElo "1211"]
[PlyCount "50"]
[EventDate "2007.03.13"]
[EventType "swiss"]
[EventRounds "5"]
[EventCountry "CAN"]
[SourceTitle "EXT 2022"]
[Source "ChessBase"]
[SourceDate "2021.10.06"]
[SourceVersion "1"]
[SourceVersionDate "2021.10.06"]
[SourceQuality "1"]

1. d4 d5 2. c4 c6 3. Nc3 Nf6 4. Bg5 dxc4 5. e3 b5 6. a4 b4 7. Na2 b3 8. Nc3 Nd5 9. Bxc4 Nxc3 10. bxc3 Qa5 11. Bxf7+ Kxf7 12. Qf3+ Ke8 13. Bf4 Qxc3+ 14. Ke2 Ba6+ 15. Kd1 Qxa1+ 16. Kd2 Qb2+ 17. Ke1 Qc3+ 18. Kd1 Qc2+ 19. Ke1 b2 20. Qh5+ g6 21. Qd1 Qxd1+ 22. Kxd1 b1Q+ 23. Kd2 Qd3+ 24. Ke1 e6 25. Be5 Bb4# 0-1

[Event "Gatineau Nez rouge B"]
[Site "Gatineau"]
[Date "2006.12.05"]
[Round "3"]
[White "Rainey, Ivan"]
[Black "Maisonneuve, Paul"]
[Result "1-0"]
[WhiteElo "1097"]
[BlackElo "1561"]
[PlyCount "59"]
[EventDate "2006.11.21"]
[EventType "swiss"]
[EventRounds "5"]
[EventCountry "CAN"]
[SourceTitle "EXT 2022"]
[Source "ChessBase"]
[SourceDate "2021.10.06"]
[SourceVersion "1"]
[SourceVersionDate "2021.10.06"]
[SourceQuality "1"]

1. e4 c5 2. d4 cxd4 3. c3 d6 4. cxd4 e6 5. Nf3 g6 6. Nc3 a6 7. Bd3 Bg7 8. 0-0 Nc6 9. Be3 Nf6 10. Bg5 Qb6 11. d5 Nb4 12. Bc4 Qc7 13. Qa4+ b5 14. Bxb5+ Bd7 15. Bxd7+ Nxd7 16. Qxb4 Rb8 17. Qa3 Qb6 18. Rab1 0-0 19. Be7 Rfc8 20. Bxd6 Rb7 21. Na4 Qb5 22. Rfc1 Rxc1+ 23. Rxc1 Bxb2 24. Nxb2 Qxb2 25. Rc8+ Kg7 26. Qxb2+ Rxb2 27. g3 Rxa2 28. dxe6 Nb6 29. Rc6 Rb2 30. e7 1-0